LEADER 01460nas a2200289 i 4500 001 991002373739707536 008 070424u20032004it b 000 ita d 035 $ab13517417-39ule_inst 040 $aDip.to Lingue$bita 082 0 $a302.2 100 $aCaprettini, Gian Paolo$0144506 222 0$aSemiotiche 245 00$aSemiotiche :$bserie semestrale /$cGian Paolo Caprettini 260 $aTorino :$bAnanke,$c2003-2007 500 $aSerie semestrale diretta da Gian Paolo Caprettini 504 $aContiene riferimenti bibliografici 907 $a.b13517417$b09-11-07$c24-04-07 912 $a991002373739707536 945 $aLE012 302.2 SEI$cv. 1$g1$i2012000145443$lle012$o-$pE0.00$q-$rl$s- $t18$u0$v0$w0$x0$y.i14431579$z24-04-07 945 $aLE012 302.2 SEI 1/A$cv. 1$g2$i2012000095274$lle012$o-$pE0.00$q-$rl$s- $t18$u1$v0$w1$x0$y.i13947035$z24-11-04 945 $aLE012 302.2 SEI 2$cv. 2$g1$i2012000145450$lle012$o-$pE0.00$q-$rl$s- $t18$u0$v0$w0$x0$y.i14431580$z24-04-07 945 $aLE012 302.2 SEI 3$cv. 3$g1$i2012000145467$lle012$o-$pE0.00$q-$rl$s- $t18$u0$v0$w0$x0$y.i14431592$z24-04-07 945 $aLE012 302.2 SEI 4$cv. 4$g1$i2012000257290$lle012$o-$pE0.00$q-$rl$s- $t18$u0$v0$w0$x0$y.i14599478$z09-11-07 945 $aLE012 302.2 SEI 5$cv. 5$g1$i2012000257313$lle012$o-$pE0.00$q-$rl$s- $t18$u0$v0$w0$x0$y.i14599995$z09-11-07 996 $aSemiotiche$91221503 997 $aUNISALENTO 998 $ale012$b24-04-07$cs$da $e-$fita$git $h0$i0